[Event "III Open Costa Viola B"]
[Site "Sant'Eufemia d'Aspromonte ITA"]
[Date "2010.01.04"]
[Round "5"]
[White "Vallone, Rosario"]
[Black "Barbera, Giuseppe"]
[Result "1-0"]
[WhiteElo "1551"]
[BlackElo "1564"]
[PlyCount "77"]
[EventDate "2010.01.02"]

1. e4 c5 2. Nf3 Nc6 3. Bb5 e6 4. O-O Nge7 5. b3 Ng6 6. Bb2 e5 7. Re1 Nd4 8. Bf1
Nxf3+ 9. Qxf3 Be7 10. Nc3 O-O 11. Rad1 Nf4 12. Bc4 a6 13. a4 b6 14. Nd5 Ng6 15.
c3 Rb8 16. Qe2 Ra8 17. d4 Nf4 18. Nxf4 exf4 19. e5 d5 20. exd6 Bf6 21. dxc5
bxc5 22. Qf3 Rb8 23. Qxf4 Be6 24. Bxe6 fxe6 25. Qc4 Re8 26. Rxe6 Kf8 27. Ba3
Qd7 28. Rde1 Rxe6 29. Rxe6 Rc8 30. Qg4 Re8 31. Rxe8+ Qxe8 32. g3 h5 33. Qd1 Qc6
34. Qxh5 Bxc3 35. Bxc5 Qd7 36. Qe2 a5 37. Qe7+ Qxe7 38. dxe7+ Ke8 39. Kf1 1-0

[Event "III Open Costa Viola B"]
[Site "Sant'Eufemia d'Aspromonte ITA"]
[Date "2010.01.04"]
[Round "5"]
[White "Valotta, Massimiliano"]
[Black "Russo, Carmelo"]
[Result "1/2-1/2"]
[WhiteElo "1870"]
[BlackElo "1731"]
[PlyCount "99"]
[EventDate "2010.01.02"]

1. d4 Nf6 2. c4 g6 3. Nc3 d5 4. cxd5 Nxd5 5. e4 Nxc3 6. bxc3 Bg7 7. Bc4 O-O 8.
Ne2 c5 9. Be3 Qa5 10. O-O cxd4 11. cxd4 Nc6 12. Qb3 Qd8 13. Rfd1 Na5 14. Qb4
Nxc4 15. Qxc4 b6 16. Rac1 Bb7 17. Qc7 Bxe4 18. d5 Bxd5 19. Nf4 Qxc7 20. Rxc7
Bxa2 21. Rxe7 Rfd8 22. Red7 Rxd7 23. Rxd7 Bc4 24. Rc7 Bb3 25. g3 Kf8 26. h4 Be5
27. Rc1 Rd8 28. Kg2 Bd4 29. Bd2 Bc5 30. Bc3 Rd1 31. Rxd1 Bxd1 32. Nd3 h5 33.
Nxc5 bxc5 34. Kf1 c4 35. Ke1 Bg4 36. Kd2 Ke8 37. Bd4 a6 38. Kc3 Be6 39. Kb4 Kd8
40. Ka5 Kc7 41. Kxa6 Kc6 42. Ka5 Kd5 43. Bc3 Ke4 44. Kb4 f5 45. Bd2 Kd3 46. Be3
Ke2 47. Kc3 Kf3 48. Kd4 Bf7 49. Kc3 Ke4 50. Bf4 1/2-1/2

[Event "III Open Costa Viola B"]
[Site "Sant'Eufemia d'Aspromonte ITA"]
[Date "2010.01.05"]
[Round "6"]
[White "Altomonte, Giuseppe"]
[Black "Fiorentino, Vincenzo"]
[Result "1-0"]
[WhiteElo "1773"]
[BlackElo "1509"]
[PlyCount "37"]
[EventDate "2010.01.02"]

1. d4 Nf6 2. c4 e6 3. Nc3 Bb4 4. a3 Bxc3+ 5. bxc3 c5 6. e3 d5 7. Nf3 Nc6 8. Bd3
dxc4 9. Bxc4 Ne4 10. Qc2 f5 11. O-O Qa5 12. Bb2 b5 13. Bd3 Nf6 14. c4 b4 15.
axb4 Qxb4 16. Ba3 Qb8 17. Rfb1 Qc7 18. Bxc5 Kf7 19. Rb2 1-0

[Event "III Open Costa Viola B"]
[Site "Sant'Eufemia d'Aspromonte ITA"]
[Date "2010.01.05"]
[Round "6"]
[White "Arcidiaco, Francesco"]
[Black "Vazzana, Antonio"]
[Result "0-1"]
[WhiteElo "1608"]
[BlackElo "1449"]
[PlyCount "54"]
[EventDate "2010.01.02"]

1. e4 c5 2. f4 d5 3. exd5 Qxd5 4. Nc3 Qd8 5. Nf3 a6 6. Bc4 e6 7. a4 b6 8. O-O
Nf6 9. Qe2 Be7 10. d3 Nc6 11. Be3 Ng4 12. Bd2 Nd4 13. Nxd4 Qxd4+ 14. Kh1 Nh6
15. Qf3 Rb8 16. Qg3 Nf5 17. Qe1 Bb7 18. Qe5 Qd8 19. Ne4 Bf6 20. Nxf6+ gxf6 21.
Qe1 Ke7 22. Bc3 Rg8 23. Rg1 Rg4 24. Qe2 Rh4 25. Bxf6+ Kxf6 26. Qf2 Qg8 27.
Qxh4+ Nxh4 0-1

[Event "III Open Costa Viola B"]
[Site "Sant'Eufemia d'Aspromonte ITA"]
[Date "2010.01.05"]
[Round "6"]
[White "Barbera, Giuseppe"]
[Black "Quattrone, Andrea"]
[Result "1-0"]
[WhiteElo "1564"]
[BlackElo "1440"]
[PlyCount "76"]
[EventDate "2010.01.02"]

1. e4 e6 2. Nf3 d5 3. e5 c5 4. c3 Qb6 5. Be2 Nc6 6. d4 Bd7 7. O-O Nge7 8. Nh4
cxd4 9. cxd4 Nxd4 10. b3 Nec6 11. Be3 Bc5 12. Nc3 Nxe2+ 13. Qxe2 Nd4 14. Bxd4
Bxd4 15. Rac1 Rc8 16. Na4 Qd8 17. Rxc8 Qxc8 18. Nf3 Bc5 19. Nxc5 Qxc5 20. Rd1
O-O 21. Qd2 a6 22. Rc1 Qe7 23. Rc7 b5 24. h3 Rc8 25. Qc3 Qd8 26. Rxc8 Qxc8 27.
Qxc8+ Bxc8 28. Nd4 Bb7 29. a3 h6 30. Nc2 Kh7 31. Kf1 Kg6 32. Ne1 Kf5 33. Nd3
Ke4 34. Nc5+ Kxe5 35. Nxb7 Kd4 36. Ke2 e5 37. Kd2 f5 38. Na5 Ke4 1-0

[Event "III Open Costa Viola B"]
[Site "Sant'Eufemia d'Aspromonte ITA"]
[Date "2010.01.05"]
[Round "6"]
[White "Battaglia, Domenica"]
[Black "Vacchiano, Salvatore"]
[Result "1-0"]
[WhiteElo "1557"]
[BlackElo "1581"]
[PlyCount "45"]
[EventDate "2010.01.02"]

1. e4 d6 2. Nf3 Nf6 3. Nc3 g6 4. Bc4 Bg7 5. d4 c6 6. O-O b5 7. Bb3 b4 8. e5
bxc3 9. exf6 Bxf6 10. bxc3 O-O 11. Bh6 Re8 12. Ng5 d5 13. Re1 e6 14. Nf3 Nd7
15. Ba4 Qb6 16. Rb1 Qa6 17. Bb3 Bb7 18. Bf4 c5 19. dxc5 Bxc3 20. Re3 Bg7 21.
Bd6 Qa5 22. Ba4 Bc8 23. Bc6 1-0

[Event "III Open Costa Viola B"]
[Site "Sant'Eufemia d'Aspromonte ITA"]
[Date "2010.01.05"]
[Round "6"]
[White "Carlomagno, Vincenzo"]
[Black "Zampaglione, Davide"]
[Result "1-0"]
[WhiteElo "1854"]
[BlackElo "1644"]
[PlyCount "65"]
[EventDate "2010.01.02"]

1. e4 d6 2. d4 Nf6 3. Nc3 c6 4. f4 Nbd7 5. Nf3 Qc7 6. Bd3 e5 7. O-O Be7 8. Kh1
exd4 9. Nxd4 Nc5 10. f5 Nxd3 11. Qxd3 Bd7 12. Bf4 h6 13. h3 g5 14. fxg6 fxg6
15. Nb3 g5 16. Bh2 O-O-O 17. Rxf6 Bxf6 18. Bxd6 Qb6 19. e5 Bg7 20. Nc5 Bf8 21.
N3a4 Qa5 22. a3 Re8 23. Bxf8 Rh7 24. Bd6 Rhh8 25. b4 Qd8 26. Nxb7 Kxb7 27. Nc5+
Ka8 28. Qa6 Qc8 29. Qa5 Bxh3 30. Na6 Bxg2+ 31. Kg1 Qh3 32. Nc7+ Kb7 33. Qa6+
1-0

[Event "III Open Costa Viola B"]
[Site "Sant'Eufemia d'Aspromonte ITA"]
[Date "2010.01.05"]
[Round "6"]
[White "Costantino, Gregorio"]
[Black "Violi, Vincenzo"]
[Result "1/2-1/2"]
[WhiteElo "1434"]
[BlackElo "1605"]
[PlyCount "48"]
[EventDate "2010.01.02"]

1. d4 Nf6 2. Nf3 e6 3. Bf4 b6 4. e3 Bb7 5. Bd3 c5 6. c3 Nc6 7. Nbd2 Be7 8. O-O
O-O 9. Ne5 d6 10. Ng4 Nd5 11. Bg3 Nc7 12. h3 f5 13. Nh2 Bh4 14. Bxh4 Qxh4 15.
Ndf3 Qf6 16. Re1 e5 17. Bc4+ d5 18. Bb3 c4 19. Bc2 e4 20. Nd2 f4 21. exf4 Qxf4
22. f3 e3 23. Ndf1 Rae8 24. Qe2 Re7 1/2-1/2

[Event "III Open Costa Viola B"]
[Site "Sant'Eufemia d'Aspromonte ITA"]
[Date "2010.01.05"]
[Round "6"]
[White "Daniac, Federico"]
[Black "Attina', Rodolfo"]
[Result "1-0"]
[WhiteElo "1578"]
[BlackElo "1368"]
[PlyCount "91"]
[EventDate "2010.01.02"]

1. e4 Nc6 2. d4 d5 3. e5 e6 4. Nf3 g6 5. Bg5 Be7 6. Be3 Bd7 7. c3 Bf8 8. Bd3
Nh6 9. Qd2 Nf5 10. Bxf5 exf5 11. O-O Bg7 12. Bg5 Ne7 13. Re1 h6 14. Bf6 Kf8 15.
Bxg7+ Kxg7 16. h3 Be6 17. Nh2 Nc6 18. f4 h5 19. Nf3 Na5 20. Na3 c6 21. b4 Nc4
22. Nxc4 dxc4 23. a4 Qd5 24. Ra2 b6 25. Rb2 a6 26. Qe2 Rhe8 27. Reb1 Re7 28. b5
axb5 29. axb5 c5 30. dxc5 Qxc5+ 31. Qf2 Rc7 32. Nd4 Bd7 33. Kh2 Rca7 34. Qh4
Kg8 35. Qf6 Qd5 36. Qxb6 Qe4 37. g3 h4 38. Rf1 hxg3+ 39. Kxg3 Qe3+ 40. Rf3 Qc1
41. Rc2 Qb1 42. Rff2 Qe1 43. Qc5 Ra2 44. Kg2 Rxc2 45. Rxc2 Ra1 46. Ne2 1-0

[Event "III Open Costa Viola B"]
[Site "Sant'Eufemia d'Aspromonte ITA"]
[Date "2010.01.05"]
[Round "6"]
[White "Della Rocca, Giorgio"]
[Black "Ielapi, Vito"]
[Result "0-1"]
[WhiteElo "1896"]
[BlackElo "1830"]
[PlyCount "84"]
[EventDate "2010.01.02"]

1. c4 g6 2. Nc3 Bg7 3. Nf3 d6 4. d4 Nf6 5. Bf4 Nh5 6. Bg5 Nc6 7. Qd2 Bg4 8. Be3
Nf6 9. h3 Bd7 10. Bh6 Bxh6 11. Qxh6 e5 12. dxe5 dxe5 13. Rd1 Qe7 14. Nd5 Nxd5
15. cxd5 Nb4 16. a3 Nc2+ 17. Kd2 Ba4 18. Qg7 O-O-O 19. e4 Qc5 20. Be2 Nd4 21.
Nxd4 Qxd4+ 22. Kc1 Bxd1 23. Rxd1 Qxe4 24. Rd2 f5 25. d6 Qc6+ 26. Kb1 Qd7 27.
Qxe5 cxd6 28. Rc2+ Kb8 29. Qd5 Rc8 30. Bb5 Qe7 31. Re2 Qc7 32. Bd3 Rhe8 33. Rc2
Qb6 34. Rxc8+ Rxc8 35. Ka2 a6 36. f3 Qc5 37. Qxc5 Rxc5 38. Kb1 Kc7 39. Bc2 d5
40. Kc1 Kd6 41. Kd2 Ke5 42. g3 Kd4 0-1

[Event "III Open Costa Viola B"]
[Site "Sant'Eufemia d'Aspromonte ITA"]
[Date "2010.01.05"]
[Round "6"]
[White "Donzella, Emanuele"]
[Black "Mercuri, Delia"]
[Result "1-0"]
[WhiteElo "1646"]
[BlackElo "1517"]
[PlyCount "69"]
[EventDate "2010.01.02"]

1. e4 e5 2. c3 Nf6 3. Qc2 Nc6 4. Nf3 Bc5 5. Be2 O-O 6. O-O d6 7. b4 Bb6 8. b5
Nb8 9. d4 d5 10. dxe5 Nxe4 11. Nbd2 f5 12. Nxe4 fxe4 13. Nd4 c5 14. bxc6 Nxc6
15. Be3 Nxe5 16. Rad1 Qh4 17. c4 Bg4 18. cxd5 Bxe2 19. Qxe2 Nd3 20. Ne6 Rf5 21.
Bxb6 axb6 22. g3 Qe7 23. Qxe4 Nb2 24. Qxf5 Nxd1 25. Rxd1 Rxa2 26. d6 Qf7 27.
Qxf7+ Kxf7 28. Nd8+ Ke8 29. Nxb7 Kd7 30. Rb1 Ra6 31. Rc1 Ke8 32. Rc8+ Kd7 33.
Rc7+ Ke6 34. d7 Ra1+ 35. Kg2 1-0

[Event "III Open Costa Viola B"]
[Site "Sant'Eufemia d'Aspromonte ITA"]
[Date "2010.01.05"]
[Round "6"]
[White "Martino, Giovanni"]
[Black "Palermiti, Francesco"]
[Result "1/2-1/2"]
[WhiteElo "1536"]
[BlackElo "1470"]
[PlyCount "46"]
[EventDate "2010.01.02"]

1. e4 c5 2. Nf3 Nc6 3. Nc3 Nf6 4. g3 d6 5. Bg2 e5 6. O-O Be6 7. d3 h6 8. Be3 a6
9. a4 Be7 10. Nd2 O-O 11. f4 exf4 12. Bxf4 Ne5 13. h3 Qb6 14. b3 c4+ 15. Kh1
cxd3 16. Bxe5 dxc2 17. Qxc2 dxe5 18. Rab1 Rac8 19. Rbc1 Bb4 20. Qb2 Qa5 21.
Ndb1 Rfd8 22. Ne2 Rxc1 23. Rxc1 Nd7 1/2-1/2

[Event "III Open Costa Viola B"]
[Site "Sant'Eufemia d'Aspromonte ITA"]
[Date "2010.01.05"]
[Round "6"]
[White "Massaro, Umile"]
[Black "Sgro', Valerio"]
[Result "1/2-1/2"]
[WhiteElo "1440"]
[BlackElo "1422"]
[PlyCount "117"]
[EventDate "2010.01.02"]

1. e4 e5 2. Nf3 Nc6 3. a3 Nf6 4. d3 d6 5. Nc3 Bg4 6. Be2 Be7 7. b4 a6 8. Be3
Qd7 9. h3 Bh5 10. O-O O-O 11. Nh2 Bxe2 12. Qxe2 Nd4 13. Bxd4 exd4 14. Nd5 Nxd5
15. exd5 Rfe8 16. Qg4 Qa4 17. Qd1 c5 18. dxc6 bxc6 19. Qb1 Rab8 20. Qa2 Bf6 21.
Ng4 Bd8 22. Rfe1 Bb6 23. Red1 h5 24. Nh2 Re2 25. Rdc1 Qb5 26. Nf3 Qf5 27. Rf1
g5 28. Qb2 c5 29. bxc5 dxc5 30. Rae1 Bc7 31. Qa2 Rbe8 32. Rxe2 Rxe2 33. Qc4 g4
34. Nh4 Qg5 35. g3 gxh3 36. Qxa6 Bxg3 37. Qc8+ Kh7 38. Qf5+ Qxf5 39. Nxf5 Bc7
40. Ng3 Rxc2 41. Ra1 c4 42. dxc4 Rxc4 43. a4 d3 44. a5 h4 45. Nf1 Rg4+ 46. Kh1
h2 47. Nxh2 Bxh2 48. Kxh2 d2 49. a6 Rg8 50. Kh3 Rd8 51. a7 Ra8 52. Kxh4 Rxa7
53. Rd1 Rd7 54. Kg3 Kg6 55. Kf3 f5 56. Ke2 Kg5 57. Rxd2 Rxd2+ 58. Kxd2 Kg4 59.
Ke3 1/2-1/2

[Event "III Open Costa Viola B"]
[Site "Sant'Eufemia d'Aspromonte ITA"]
[Date "2010.01.05"]
[Round "6"]
[White "Mileo, Miguelito"]
[Black "Bruno, Elio"]
[Result "1-0"]
[WhiteElo "1716"]
[BlackElo "1723"]
[PlyCount "97"]
[EventDate "2010.01.02"]

1. d4 Nf6 2. Bf4 g6 3. e3 Bg7 4. Nf3 O-O 5. Be2 d6 6. O-O b6 7. c4 Bb7 8. Nc3
Nbd7 9. h3 c5 10. Rc1 Nh5 11. Bh2 f5 12. d5 Nhf6 13. Ng5 Qc8 14. Ne6 Rf7 15.
Nxg7 Kxg7 16. Qd2 Ne5 17. b3 a6 18. Rfd1 Qf8 19. Bf4 Kh8 20. Rf1 Qg8 21. Bh6 g5
22. f4 gxf4 23. exf4 Ng6 24. Kh2 Nh4 25. Rg1 Ng6 26. Rce1 Qe8 27. Bd3 Ng8 28.
Bg5 h6 29. Re6 Kh7 30. Bxf5 Rxf5 31. g4 Rf8 32. f5 Ne5 33. Kg3 Bc8 34. Bxh6
Bxe6 35. Bxf8 Bf7 36. Bg7 Kxg7 37. Qg5+ Kf8 38. Ne4 b5 39. h4 Ra7 40. h5 Bxh5
41. gxh5 e6 42. Kf2 Qf7 43. Qd8+ Qe8 44. Rxg8+ Kxg8 45. Qxe8+ Kg7 46. Qxe6 bxc4
47. h6+ Kh7 48. Ng5+ Kh8 49. Qe8# 1-0

[Event "III Open Costa Viola B"]
[Site "Sant'Eufemia d'Aspromonte ITA"]
[Date "2010.01.05"]
[Round "6"]
[White "Paragliola, Gennaro"]
[Black "Gallo, Carlo"]
[Result "1-0"]
[WhiteElo "1605"]
[BlackElo "1619"]
[PlyCount "67"]
[EventDate "2010.01.02"]

1. d4 d6 2. c4 e5 3. dxe5 dxe5 4. Qxd8+ Kxd8 5. Nc3 Be6 6. e4 c6 7. Nf3 f6 8.
Be2 Kc7 9. O-O Be7 10. Be3 Nd7 11. b3 Nh6 12. h3 Nf7 13. Rfd1 Rhd8 14. a3 Nb6
15. c5 Rxd1+ 16. Rxd1 Nd7 17. b4 a5 18. b5 Bxc5 19. bxc6 Bxe3 20. cxd7 Bxf2+
21. Kxf2 Bxd7 22. Nd5+ Kc6 23. Rc1+ Kd6 24. Nb6 Rd8 25. Nd2 Ke7 26. Rc7 Nd6 27.
Ndc4 Nxe4+ 28. Ke3 Nd6 29. Nxa5 Nc8 30. Rxb7 Nd6 31. Rc7 Nf5+ 32. Kf2 Ke8 33.
Nxd7 Rxd7 34. Bb5 1-0

[Event "III Open Costa Viola B"]
[Site "Sant'Eufemia d'Aspromonte ITA"]
[Date "2010.01.05"]
[Round "6"]
[White "Pelyushenko, Vladyslav"]
[Black "Gregori, Giacomo"]
[Result "0-1"]
[WhiteElo "1792"]
[BlackElo "1794"]
[PlyCount "84"]
[EventDate "2010.01.02"]

1. d4 d5 2. c4 e6 3. Nc3 Nf6 4. Nf3 Nbd7 5. Bg5 c6 6. e3 Qa5 7. cxd5 exd5 8.
Nd2 Bb4 9. Qc2 O-O 10. Bd3 Re8 11. O-O h6 12. Bf4 Nh5 13. Nb3 Qd8 14. a3 Bxc3
15. Qxc3 Nxf4 16. exf4 Nf6 17. Rfe1 Rxe1+ 18. Rxe1 Qc7 19. f5 Bd7 20. Nd2 Re8
21. Nf3 Ne4 22. Bxe4 dxe4 23. Ne5 Bxf5 24. g4 Bd7 25. Rxe4 f6 26. Nxd7 Rxe4 27.
Qc4+ Kh8 28. Qf7 Qd8 29. Nf8 Re1+ 30. Kg2 Qd5+ 31. Qxd5 cxd5 32. Ng6+ Kh7 33.
Nf4 Rd1 34. Nxd5 Rxd4 35. Ne3 Rd2 36. b4 Ra2 37. Nc4 b5 38. Nd6 a6 39. h4 Rxa3
40. g5 Ra4 41. gxh6 Kxh6 42. Nf5+ Kh7 0-1

[Event "III Open Costa Viola B"]
[Site "Sant'Eufemia d'Aspromonte ITA"]
[Date "2010.01.05"]
[Round "6"]
[White "Pirrotta, Domenico"]
[Black "Minucci, Veronica"]
[Result "1-0"]
[WhiteElo "1323"]
[BlackElo "1389"]
[PlyCount "59"]
[EventDate "2010.01.02"]

1. e4 e5 2. Nf3 Nc6 3. Bb5 d6 4. h3 Bd7 5. c3 Nf6 6. d3 a6 7. Ba4 b5 8. Bc2 d5
9. O-O Be7 10. Re1 O-O 11. d4 Bd6 12. exd5 Nxd5 13. Nxe5 Nxe5 14. dxe5 Bc5 15.
Qxd5 Bb6 16. Qe4 g6 17. e6 fxe6 18. Bh6 Bxf2+ 19. Kh1 Rf7 20. Rf1 c6 21. Qe2
Qh4 22. Be3 Raf8 23. Nd2 e5 24. Nf3 Rxf3 25. Bxf2 Bxh3 26. Bxh4 R3f4 27. Rxf4
Rxf4 28. Bg3 Bg4 29. Qxe5 Rf8 30. Bb3+ 1-0

[Event "III Open Costa Viola B"]
[Site "Sant'Eufemia d'Aspromonte ITA"]
[Date "2010.01.05"]
[Round "6"]
[White "Pratico', Paolo"]
[Black "Tralongo, Roberto"]
[Result "0-1"]
[WhiteElo "1278"]
[BlackElo "1419"]
[PlyCount "70"]
[EventDate "2010.01.02"]

1. g3 d5 2. Bg2 Nf6 3. Nf3 Nc6 4. O-O Bf5 5. d3 e5 6. Nh4 Be6 7. Nc3 h6 8. b3
a6 9. Bb2 Be7 10. a4 Qd7 11. e3 Bg4 12. Bf3 Bh3 13. Bg2 Bxg2 14. Kxg2 g5 15.
Nf3 O-O-O 16. Ne2 Bd6 17. c4 d4 18. exd4 exd4 19. Nexd4 Nxd4 20. Bxd4 Be7 21.
Re1 g4 22. Ne5 Qxd4 23. Nxf7 Bc5 24. Qe2 Rde8 25. Qd2 Rxe1 26. Rxe1 Re8 27. Rf1
Ne4 28. Qe2 Nd6 29. Nxd6+ Kd7 30. Ne4 h5 31. Nf6+ Qxf6 32. Qd2 Qf3+ 33. Kg1 Re2
34. Qg5 Bxf2+ 35. Rxf2 Qxf2+ 0-1

[Event "III Open Costa Viola B"]
[Site "Sant'Eufemia d'Aspromonte ITA"]
[Date "2010.01.05"]
[Round "6"]
[White "Rametta, Marcello"]
[Black "Valotta, Massimiliano"]
[Result "0-1"]
[WhiteElo "1732"]
[BlackElo "1870"]
[PlyCount "78"]
[EventDate "2010.01.02"]

1. e4 e6 2. d4 d5 3. exd5 exd5 4. Nf3 Nf6 5. Be2 Bd6 6. h3 O-O 7. Bg5 Be6 8. a3
Nbd7 9. Nc3 c6 10. Qd2 Qc7 11. O-O-O b5 12. Kb1 b4 13. axb4 Bxb4 14. Qd3 Bxc3
15. Qxc3 Ne4 16. Qe3 a5 17. Bf4 Qb6 18. Ne5 Rfb8 19. b3 Rb7 20. Nxd7 Bxd7 21.
f3 a4 22. fxe4 axb3 23. cxb3 Qa5 24. Kc1 dxe4 25. Bc4 Qb4 26. Bd6 Qxd6 27. Kd2
Ra2+ 28. Ke1 Rxg2 29. Rd2 Qb4 30. Be2 Qxb3 31. Qf4 Qg3+ 32. Qxg3 Rxg3 33. Ra2
g6 34. Kf2 Rxh3 35. Rha1 Be6 36. Rc2 Bd5 37. Kg2 Rbb3 38. Bc4 Rbg3+ 39. Kf2 e3+
0-1

[Event "III Open Costa Viola B"]
[Site "Sant'Eufemia d'Aspromonte ITA"]
[Date "2010.01.05"]
[Round "6"]
[White "Rizzuti, Pasquale"]
[Black "Carbone, Edoardo"]
[Result "1-0"]
[WhiteElo "1821"]
[BlackElo "1584"]
[PlyCount "67"]
[EventDate "2010.01.02"]

1. g3 Nf6 2. Bg2 e6 3. c4 Be7 4. d4 d5 5. Nf3 Nbd7 6. Nbd2 b6 7. cxd5 Nxd5 8.
e4 N5f6 9. O-O Bb7 10. Re1 O-O 11. b3 c5 12. Bb2 Rc8 13. e5 Nd5 14. Nc4 Ba6 15.
Nfd2 cxd4 16. Bxd4 Nb4 17. Be4 Nc5 18. Bxc5 Bxc5 19. Bxh7+ Kxh7 20. Qh5+ Kg8
21. Re4 Re8 22. Rh4 Kf8 23. Qh8+ Ke7 24. Qxg7 Rf8 25. Ne4 Bxc4 26. bxc4 Nc2 27.
Qg5+ Kd7 28. Rd1+ Nd4 29. Nxc5+ bxc5 30. Rhxd4+ cxd4 31. Rxd4+ Kc7 32. Rxd8
Rcxd8 33. Qe7+ Kb6 34. a4 1-0

[Event "III Open Costa Viola B"]
[Site "Sant'Eufemia d'Aspromonte ITA"]
[Date "2010.01.05"]
[Round "6"]
[White "Russo, Carmelo"]
[Black "Carbone, Stefano"]
[Result "1/2-1/2"]
[WhiteElo "1731"]
[BlackElo "1788"]
[PlyCount "70"]
[EventDate "2010.01.02"]

1. d4 Nf6 2. c4 g6 3. Nc3 Bg7 4. e4 d6 5. f3 a6 6. Be3 Nbd7 7. Qd2 h5 8. O-O-O
e5 9. Nge2 O-O 10. Bh6 c6 11. Bxg7 Kxg7 12. dxe5 dxe5 13. h3 Rh8 14. g3 b5 15.
Qd6 Qb6 16. c5 Qxc5 17. Kb1 Qxd6 18. Rxd6 Bb7 19. Bg2 Nb6 20. b3 b4 21. Nd1
Rhd8 22. Rxd8 Rxd8 23. Ne3 Rd2 24. Re1 a5 25. f4 Ba6 26. Nc1 Nfd7 27. Bf1 Bxf1
28. Nxf1 Rd6 29. Ne3 exf4 30. gxf4 Rd2 31. Rg1 Nc5 32. Rg5 Nxe4 33. Rxa5 Nc3+
34. Ka1 Nbd5 35. Nc4 Nxf4 1/2-1/2

[Event "III Open Costa Viola B"]
[Site "Sant'Eufemia d'Aspromonte ITA"]
[Date "2010.01.05"]
[Round "6"]
[White "Vallone, Rosario"]
[Black "Fariselli, Umberto"]
[Result "1-0"]
[WhiteElo "1551"]
[BlackElo "1476"]
[PlyCount "51"]
[EventDate "2010.01.02"]

1. e4 c5 2. Nf3 Nc6 3. d4 cxd4 4. Nxd4 Qc7 5. Nc3 e6 6. Be3 Bb4 7. Bd3 Nf6 8.
Ndb5 Qd8 9. a3 Be7 10. O-O d6 11. Nd4 Ne5 12. f4 Nxd3 13. Qxd3 O-O 14. Rad1 Ng4
15. Bc1 b5 16. h3 Nf6 17. e5 Ne8 18. f5 Qb6 19. b4 exf5 20. Nd5 Qd8 21. Nxf5
Nc7 22. Nxc7 Qxc7 23. Nxe7+ Kh8 24. Rde1 Bb7 25. Rf4 Rfd8 26. Qxh7+ 1-0

[Event "III Open Costa Viola B"]
[Site "Sant'Eufemia d'Aspromonte ITA"]
[Date "2010.01.05"]
[Round "6"]
[White "Zampaglione, Francesco"]
[Black "Carrozza, Gregorio"]
[Result "0-1"]
[WhiteElo "1461"]
[BlackElo "1616"]
[PlyCount "38"]
[EventDate "2010.01.02"]

1. d4 e6 2. Nf3 Nf6 3. Nbd2 d5 4. e3 Bd6 5. Bd3 Nbd7 6. O-O O-O 7. e4 e5 8.
dxe5 Nxe5 9. Nxe5 Bxe5 10. exd5 Qxd5 11. Nf3 Bg4 12. Re1 Rad8 13. Be2 Bxh2+ 14.
Kxh2 Qh5+ 15. Kg1 Rxd1 16. Rxd1 h6 17. Be3 Re8 18. Rd2 Ne4 19. Rd7 Bxd7 0-1

[Event "III Open Costa Viola B"]
[Site "Sant'Eufemia d'Aspromonte ITA"]
[Date "2010.01.05"]
[Round "7"]
[White "Bruno, Elio"]
[Black "Massaro, Umile"]
[Result "1-0"]
[WhiteElo "1723"]
[BlackElo "1440"]
[PlyCount "61"]
[EventDate "2010.01.02"]

1. e4 c5 2. Nf3 d6 3. d4 cxd4 4. Nxd4 a6 5. Nc3 e6 6. Be3 Be7 7. Bd3 Nf6 8. Qd2
b5 9. h3 Bb7 10. f3 Nc6 11. Nxc6 Bxc6 12. g4 h6 13. O-O-O d5 14. Bf4 dxe4 15.
fxe4 Bb4 16. Qe3 Qe7 17. Ne2 Bc5 18. Qf3 O-O 19. g5 hxg5 20. Bxg5 Qd8 21. h4
Be7 22. Qh3 Qa5 23. Kb1 b4 24. Ng3 Rfe8 25. Rh2 Qe5 26. Re1 Bd6 27. Bxf6 Qxg3
28. Qxg3 Bxg3 29. Rg2 Bxe1 30. Rxg7+ Kf8 31. Rh7 1-0

[Event "III Open Costa Viola B"]
[Site "Sant'Eufemia d'Aspromonte ITA"]
[Date "2010.01.05"]
[Round "7"]
[White "Carbone, Edoardo"]
[Black "Martino, Giovanni"]
[Result "1-0"]
[WhiteElo "1584"]
[BlackElo "1536"]
[PlyCount "113"]
[EventDate "2010.01.02"]

1. e4 c5 2. Nf3 d6 3. d4 cxd4 4. Nxd4 Nf6 5. Nc3 a6 6. Bc4 e6 7. Be3 Nbd7 8. f3
Be7 9. Qd2 Qc7 10. Bb3 b5 11. g4 Ne5 12. h4 Bb7 13. O-O-O Nfd7 14. g5 Nb6 15.
Rh2 Nec4 16. Bxc4 Nxc4 17. Qf2 d5 18. Rdh1 b4 19. Nce2 dxe4 20. f4 Nxe3 21.
Qxe3 Bc5 22. Qg3 Bd6 23. h5 Rc8 24. Qe3 h6 25. g6 f5 26. Kb1 a5 27. Rc1 Bc5 28.
Qg3 Ke7 29. Rd1 Ba6 30. Qh4+ Ke8 31. Nxe6 Qe7 32. Qxe7+ Kxe7 33. Nxc5 Rxc5 34.
Ng3 Re8 35. Rhd2 Bc8 36. Re1 Kf6 37. Kc1 a4 38. Rd4 Rb5 39. Red1 Be6 40. Rd6
Ra8 41. R1d4 Ke7 42. Kb1 b3 43. cxb3 axb3 44. a3 Rc8 45. Ne2 Rc7 46. Nc3 Rbc5
47. Rb6 R7c6 48. Rb7+ Rc7 49. Rxc7+ Rxc7 50. Kc1 Rd7 51. Rxd7+ Kxd7 52. Kd2 Kc6
53. Ke3 Kc5 54. Ne2 Bc4 55. Nd4 Bd3 56. Nxf5 Kc4 57. Nxg7 1-0

[Event "III Open Costa Viola B"]
[Site "Sant'Eufemia d'Aspromonte ITA"]
[Date "2010.01.05"]
[Round "7"]
[White "Carbone, Stefano"]
[Black "Altomonte, Giuseppe"]
[Result "0-1"]
[WhiteElo "1788"]
[BlackElo "1773"]
[PlyCount "129"]
[EventDate "2010.01.02"]

1. e4 c6 2. d4 d5 3. f3 e6 4. Nc3 Bb4 5. Bf4 Nf6 6. e5 Nfd7 7. a3 Bxc3+ 8. bxc3
c5 9. Be3 Qa5 10. Qd2 b6 11. f4 Ba6 12. Bd3 Nc6 13. Nf3 h6 14. O-O g6 15. Rfb1
Rc8 16. Bxa6 Qxa6 17. dxc5 Na5 18. cxb6 Nxb6 19. Bxb6 axb6 20. Qd4 Rc5 21. Qb4
Nc4 22. Kf2 O-O 23. a4 Rfc8 24. g3 Ra5 25. Ra2 Qa7 26. Ke2 b5 27. Nd4 bxa4 28.
Qb7 Qc5 29. Qb4 Qa7 30. Qb7 Rc7 31. Qxa7 Raxa7 32. Rb8+ Kg7 33. Nb5 Rcb7 34.
Nxa7 Rxb8 35. Nc6 Rb2 36. Rxb2 Nxb2 37. Nb4 a3 38. Na2 g5 39. Kf3 f6 40. Ke3
Nc4+ 41. Kd4 gxf4 42. gxf4 fxe5+ 43. fxe5 Kg6 44. Nc1 Kf5 45. h3 Nxe5 46. Kc5
Nc4 47. Kb4 h5 48. Kb3 h4 49. Nd3 e5 50. Nb4 Ke6 51. Nd3 e4 52. Nf4+ Kf5 53.
Nxd5 e3 54. Nb4 e2 55. Nd3 Ke4 56. Nc5+ Ke3 57. Nd3 Kd2 58. Kxc4 a2 59. Kd5
a1=Q 60. c4 Qh1+ 61. Kd6 Qxh3 62. c5 Qxd3+ 63. cxd3 Kxd3 64. c6 e1=Q 65. c7 0-1

[Event "III Open Costa Viola B"]
[Site "Sant'Eufemia d'Aspromonte ITA"]
[Date "2010.01.05"]
[Round "7"]
[White "Carrozza, Gregorio"]
[Black "Della Rocca, Giorgio"]
[Result "1-0"]
[WhiteElo "1616"]
[BlackElo "1896"]
[PlyCount "33"]
[EventDate "2010.01.02"]

1. e4 g6 2. Nf3 d6 3. d4 Bg7 4. Be2 Nf6 5. Nc3 c6 6. Be3 Nbd7 7. O-O O-O 8. h3
e5 9. Qd2 Re8 10. dxe5 Nxe5 11. Rad1 Nxf3+ 12. Bxf3 Re6 13. Rfe1 Ne8 14. Bg4
Bxc3 15. Qxc3 Rxe4 16. Bf3 Re5 17. Qxe5 1-0

[Event "III Open Costa Viola B"]
[Site "Sant'Eufemia d'Aspromonte ITA"]
[Date "2010.01.05"]
[Round "7"]
[White "Fariselli, Umberto"]
[Black "Barbera, Giuseppe"]
[Result "0-1"]
[WhiteElo "1476"]
[BlackElo "1564"]
[PlyCount "58"]
[EventDate "2010.01.02"]

1. Nf3 d5 2. d4 Nf6 3. Nc3 Bd7 4. e3 e6 5. Bd3 Bb4 6. Bd2 a6 7. a3 Be7 8. O-O
O-O 9. Ne5 b5 10. b4 Bc8 11. f4 Bb7 12. Ne2 Bd6 13. Ng3 Bxe5 14. fxe5 Ne4 15.
Nxe4 dxe4 16. Be2 Bd5 17. Qe1 Nc6 18. Rf4 Ne7 19. Rc1 Ng6 20. Rg4 f5 21. exf6
Rxf6 22. c4 bxc4 23. Bxc4 c6 24. Qe2 e5 25. Bxa6 c5 26. dxc5 Rfxa6 27. Qxa6
Rxa6 28. Ra1 Bc6 29. Bc1 Qd1+ 0-1